[Event "SLO-ch U14"]
[Site "Rogaska Slatina"]
[Date "2009.02.24"]
[Round "5"]
[White "Drnovsek, Gal"]
[Black "Stanic, Urban"]
[Result "1/2-1/2"]
[WhiteElo "1640"]
[BlackElo "1753"]
[PlyCount "102"]
[EventDate "2009.02.22"]
[EventType "swiss"]
[EventRounds "9"]
[EventCountry "SLO"]
[SourceTitle "CBM 129 Extra"]
[Source "ChessBase"]
[SourceDate "2009.05.05"]
[SourceVersion "2"]
[SourceVersionDate "2009.05.20"]
[SourceQuality "1"]

1. Nf3 Nf6 2. d4 g6 3. c4 Bg7 4. Nc3 d5 5. e3 0-0 6. Bd3 dxc4 7. Bxc4 c5 8. 0-0 Bg4 9. d5 Ne8 10. h3 Bxf3 11. Qxf3 Nd6 12. Qe2 Nd7 13. e4 Ne5 14. Bd3 a6 15. a4 Qa5 16. Bd2 Nxd3 17. Qxd3 Qb4 18. Rfe1 Nc4 19. Rab1 Nxd2 20. Qxd2 Qa5 21. e5 Qc7 22. f4 Rfd8 23. Rbd1 Qa5 24. Qc2 f6 25. d6 exd6 26. Qb3+ Kh8 27. Rxd6 fxe5 28. fxe5 Bxe5 29. Rxd8+ Qxd8 30. Qxb7 Qd4+ 31. Kh1 Rf8 32. Qe4 Qxe4 33. Nxe4 Rc8 34. Nc3 Bd4 35. Re2 Rb8 36. Rc2 Rb3 37. g4 g5 38. Kg2 Bxc3 39. Rxc3 Rxb2+ 40. Kg3 Rb4 41. Rxc5 Rxa4 42. Rxg5 a5 43. Kh4 Ra3 44. Rf5 Kg7 45. Rb5 a4 46. Ra5 Kg6 47. Ra6+ Kg7 48. Kg5 Rxh3 49. Ra7+ Kf8 50. Rxa4 Rf3 51. Ra7 Rf7 1/2-1/2

[Event "Ljubljana-chT"]
[Site "Gostovanja"]
[Date "2009.01.29"]
[Round "4.4"]
[White "Stanic, Urban"]
[Black "Sotirov, Pavle"]
[Result "0-1"]
[WhiteElo "1753"]
[BlackElo "1815"]
[PlyCount "48"]
[EventDate "2009.01.08"]
[EventType "team-tourn"]
[EventRounds "9"]
[EventCountry "SLO"]
[SourceTitle "EXT 2011"]
[Source "ChessBase"]
[SourceDate "2010.11.26"]
[SourceVersion "1"]
[SourceVersionDate "2010.11.26"]
[SourceQuality "1"]

1. c4 e5 2. Nc3 Nc6 3. d3 Nf6 4. Nf3 d5 5. cxd5 Nxd5 6. a3 Be7 7. e4 Nf6 8. Be2 Bg4 9. 0-0 Qd7 10. Ne1 Bxe2 11. Qxe2 Nd4 12. Qd1 h6 13. f4 Bd6 14. fxe5 Bxe5 15. Nf3 Nxf3+ 16. Rxf3 0-0-0 17. Qb3 c6 18. Bd2 Rhf8 19. Rc1 Kb8 20. Be1 Ng4 21. Rh3 f5 22. Qb4 fxe4 23. Nxe4 Bd4+ 24. Kh1 Rf1# 0-1

[Event "Ljubljana-chT"]
[Site "Gostovanja"]
[Date "2009.01.22"]
[Round "3.4"]
[White "Pavlin, Matic"]
[Black "Stanic, Urban"]
[Result "1-0"]
[WhiteElo "1500"]
[BlackElo "1753"]
[PlyCount "33"]
[EventDate "2009.01.08"]
[EventType "team-tourn"]
[EventRounds "9"]
[EventCountry "SLO"]
[SourceTitle "EXT 2011"]
[Source "ChessBase"]
[SourceDate "2010.11.26"]
[SourceVersion "1"]
[SourceVersionDate "2010.11.26"]
[SourceQuality "1"]

1. e4 e6 2. d4 d5 3. exd5 exd5 4. Nf3 c5 5. b3 Nf6 6. Ba3 Nbd7 7. Be2 b6 8. 0-0 Bb7 9. Re1 Be7 10. Nc3 0-0 11. Rb1 Ne4 12. Bb2 Ndf6 13. Nd2 cxd4 14. Nb5 Bb4 15. Nxe4 Nxe4 16. Qxd4 f6 17. Qxb4 1-0

[Event "Ljubljana-chT"]
[Site "Gostovanja"]
[Date "2009.01.15"]
[Round "2.3"]
[White "Potocnik, Primoz"]
[Black "Stanic, Urban"]
[Result "1/2-1/2"]
[WhiteElo "2182"]
[BlackElo "1753"]
[PlyCount "72"]
[EventDate "2009.01.08"]
[EventType "team-tourn"]
[EventRounds "9"]
[EventCountry "SLO"]
[SourceTitle "EXT 2011"]
[Source "ChessBase"]
[SourceDate "2010.11.26"]
[SourceVersion "1"]
[SourceVersionDate "2010.11.26"]
[SourceQuality "1"]

1. d4 Nf6 2. c4 e6 3. Nc3 Bb4 4. e3 b6 5. Bd3 Bb7 6. f3 0-0 7. Nge2 d5 8. 0-0 Nbd7 9. cxd5 Nxd5 10. e4 N5f6 11. Qa4 Be7 12. Ba6 Bxa6 13. Qxa6 c5 14. Be3 cxd4 15. Bxd4 Nc5 16. Bxc5 Bxc5+ 17. Kh1 Qc7 18. Rad1 Rfd8 19. g3 h6 20. Qa4 a6 21. Rxd8+ Qxd8 22. e5 Nd5 23. Rd1 Qg5 24. Qe4 Rd8 25. Nxd5 Rxd5 26. Rxd5 exd5 27. Qxd5 Qe3 28. Qa8+ Bf8 29. Qe4 Qf2 30. h4 Bc5 31. e6 fxe6 32. Qxe6+ Kh8 33. Qc8+ Kh7 34. Qf5+ Kh8 35. Qc8+ Kh7 36. Qf5+ Kh8 1/2-1/2

[Event "SLO-ch U12"]
[Site "Postojna"]
[Date "2008.03.01"]
[Round "9"]
[White "Opara, Jan"]
[Black "Stanic, Urban"]
[Result "1/2-1/2"]
[WhiteElo "1661"]
[BlackElo "1703"]
[PlyCount "101"]
[EventDate "2008.02.24"]
[EventType "swiss"]
[EventRounds "9"]
[EventCountry "SLO"]
[SourceTitle "EXT 2010"]
[Source "ChessBase"]
[SourceDate "2010.11.25"]
[SourceVersion "1"]
[SourceVersionDate "2010.11.25"]
[SourceQuality "1"]

1. d4 Nf6 2. Nf3 g6 3. e3 Bg7 4. Bd3 0-0 5. 0-0 d6 6. b3 c5 7. Bb2 cxd4 8. exd4 Nc6 9. c4 Nb4 10. d5 Nxd3 11. Qxd3 Bf5 12. Qe2 Re8 13. Nd4 Bd7 14. Nd2 a6 15. N2f3 Rb8 16. a4 b5 17. cxb5 axb5 18. Nc6 Bxc6 19. dxc6 bxa4 20. bxa4 Qb6 21. Bxf6 Bxf6 22. Rac1 Rec8 23. Qc4 Qb4 24. Rc2 Qxc4 25. Rxc4 Rb6 26. Rfc1 Ra6 27. Kf1 d5 28. Rc5 e6 29. a5 Be7 30. Rb5 Raxc6 31. Rxc6 Rxc6 32. Rb1 Bf6 33. Rb6 Rc1+ 34. Ke2 Ra1 35. a6 Kg7 36. g4 Ra2+ 37. Kf1 h6 38. h3 e5 39. Rd6 e4 40. Ng1 Ra5 41. Ne2 Be5 42. Rd8 Kf6 43. a7 Rxa7 44. Rxd5 Ra1+ 45. Kg2 Re1 46. Ng3 Bxg3 47. Kxg3 e3 48. Kf3 exf2 49. Kxf2 Re5 50. Rd7 Re7 51. Rd5 1/2-1/2

[Event "SLO-ch U12"]
[Site "Postojna"]
[Date "2008.02.26"]
[Round "3"]
[White "Stanic, Urban"]
[Black "Koscak, Jan"]
[Result "1/2-1/2"]
[WhiteElo "1703"]
[BlackElo "1500"]
[PlyCount "66"]
[EventDate "2008.02.24"]
[EventType "swiss"]
[EventRounds "9"]
[EventCountry "SLO"]
[SourceTitle "EXT 2010"]
[Source "ChessBase"]
[SourceDate "2010.11.25"]
[SourceVersion "1"]
[SourceVersionDate "2010.11.25"]
[SourceQuality "1"]

1. e4 e5 2. Nf3 Nf6 3. Nc3 Bb4 4. Bc4 d6 5. 0-0 0-0 6. Qe2 Re8 7. a3 Bxc3 8. dxc3 Bg4 9. h3 Bh5 10. Qe3 Nbd7 11. Ba2 Nc5 12. Nd2 Bg6 13. f3 Nh5 14. Qf2 Nf4 15. Kh2 Qd7 16. Nc4 Nfe6 17. Be3 f5 18. Bxc5 dxc5 19. Rfd1 Qe7 20. Nxe5 fxe4 21. Nxg6 hxg6 22. fxe4 b6 23. Bd5 Rad8 24. Bxe6+ Qxe6 25. Rxd8 Rxd8 26. Qf4 Qd6 27. Qxd6 Rxd6 28. Kg3 Rd2 29. Rc1 Kf7 30. Kf3 Ke6 31. Re1 Ke5 32. Rc1 g5 33. b3 b5 1/2-1/2

[Event "SLO-ch U12"]
[Site "Postojna"]
[Date "2008.02.25"]
[Round "2"]
[White "Stanic, Urban"]
[Black "Banevec, Jernej"]
[Result "1/2-1/2"]
[WhiteElo "1703"]
[BlackElo "1500"]
[PlyCount "66"]
[EventDate "2008.02.24"]
[EventType "swiss"]
[EventRounds "9"]
[EventCountry "SLO"]
[SourceTitle "EXT 2010"]
[Source "ChessBase"]
[SourceDate "2010.11.25"]
[SourceVersion "1"]
[SourceVersionDate "2010.11.25"]
[SourceQuality "1"]

1. e4 d5 2. exd5 Qxd5 3. Nc3 Qa5 4. d4 Nf6 5. Bd2 c6 6. Bd3 Bg4 7. Nge2 e6 8. 0-0 Bd6 9. h3 Qh5 10. f3 Bxh3 11. gxh3 Qxh3 12. Bf4 Bxf4 13. Nxf4 Qg3+ 14. Ng2 h5 15. Qe1 Qg5 16. Ne4 Nxe4 17. Qxe4 Nd7 18. Qf4 Qd5 19. Ne3 Qa5 20. Nc4 Qd5 21. Rae1 g5 22. Nd6+ Kd8 23. Nxf7+ Ke7 24. Nxg5 Rhg8 25. Qf7+ Kd6 26. Rxe6+ Kc7 27. f4 Qxd4+ 28. Kh2 Rxg5 29. fxg5 Qh4+ 30. Kg2 Qg4+ 31. Kh2 Qh4+ 32. Kg2 Qg4+ 33. Kf2 Rf8 1/2-1/2